Water and wastewater systems analysis /

Bibliographic Details
Main Author: Stephenson, David, 1943-
Format: Book
Language:English
Published: Amsterdam ; New York : Elsevier ; 1988.
Series:Developments in water science ; 34.
Subjects:

MARC

Tag First Indicator Second Indicator Subfields
LEADER 00000cam a22000008a 4500
001 in00000034429
005 20151007060719.0
008 880128s1988 ne b 00110 eng
010 |a  88003544  
020 |a 044442945X (U.S.) :  |c fl 140.00 (Netherlands : est.) 
035 |a (OCoLC)17478440 
035 |9 AAC1557AM 
040 |a DLC  |c DLC  |d TXA  |d UtOrBLW 
049 |a TXAM  |c [A11550837] 
050 0 0 |a TD370  |b .S74 1988 
082 0 |a 333.91  |2 19 
100 1 |a Stephenson, David,  |d 1943- 
245 1 0 |a Water and wastewater systems analysis /  |c David Stephenson. 
264 1 |a Amsterdam ;  |a New York :  |b Elsevier ;  |c 1988. 
264 2 |a New York, N.Y., U.S.A. :  |b Distributors for the U.S. and Canada, Elsevier Science Pub. Co., 
300 |a ix, 221 pages :  |b illustrations 
336 |a text  |b txt  |2 rdacontent 
337 |a unmediated  |b n  |2 rdamedia 
338 |a volume  |b nc  |2 rdacarrier 
490 1 |a Developments in water science ;  |v 34 
504 |a Includes bibliographies and indexes. 
650 0 |a Water quality management. 
650 0 |a Water reuse. 
650 0 |a Water resources development. 
830 0 |a Developments in water science ;  |v 34. 
999 |a MARS 
999 f f |s 338a0641-2ddd-3c0e-8879-1cdb3a710ab3  |i 570ccdb7-fe6d-321e-97d9-6f52235753e0  |t 0 
952 f f |p ric  |a Texas A&M University  |b Rellis Campus  |c Joint Library Facility  |d Remote Storage  |t 0  |e TD370 .S74 1988  |h Library of Congress classification  |i unmediated -- volume  |m A14811550837 
998 f f |a TD370 .S74 1988  |t 0  |l Remote Storage